000 00787nam a2200265Ia 4500
001 20063
003 DO-CoUTE
005 20260204212635.0
008 220104s9999 dr 000 0 spa d
020 _a99934-30-08-0
040 _aDO-CoUTE
_bspa
_cDO-CoUTE
041 0 _aspa
082 _aRD 910.4 G491n
100 1 _aGembernard, Jacinto
245 1 0 _aNarraciones de vueltas al mundo / Jacinto Gembernard
260 _aSanto Domingo, República Dominicana : Banco Central
300 _a219 páginas
500 _aColección del Banco Central de la República Dominicana
650 4 _aMemorias
650 4 _aViajes
710 _aBanco Central de la República Dominicana
942 _2ddc
_cBK
999 _c21573
_d21573